MARC

LEADER 00000nam0a2200000 4500
001 109923
005 20231031120225.0
035 |a (RuTPU)RU\TPU\book\118715 
090 |a 109923 
100 |a 20070215d1990 km y0rusy50 ca 
101 0 |a rus 
102 |a RU 
105 |a a a 001zy 
200 1 |a Фосфоросодержащие удобрения и экология  |e аналитический обзор  |f О. Г. Парфенов  |g Академия наук СССР (АН СССР), Сибирское отделение (СО), Государственная публичная научно-техническая библиотека (ГПНТБ) ; под ред. И. М. Гаджиев 
210 |a Новосибирск  |c Изд-во ГПНТБ СО АН СССР  |d 1990 
215 |a 102 с.  |c ил 
320 |a Библиогр.: с. 91-98 
610 1 |a аналитические обзоры 
610 1 |a фосфорсодержащие удобрения 
610 1 |a экология 
610 1 |a переработка 
610 1 |a производство 
610 1 |a минеральные удобрения 
610 1 |a утилизация 
610 1 |a отходы 
675 |a 504.05  |v 3 
700 1 |a Парфенов  |b О. Г. 
702 1 |a Гаджиев  |b И. М.  |4 340 
712 0 2 |a Академия наук СССР (АН СССР)  |b Сибирское отделение (СО)  |b Государственная публичная научно-техническая библиотека (ГПНТБ)  |c (Новосибирск)  |2 stltpush  |3 (RuTPU)RU\TPU\col\7241 
801 1 |a RU  |b 63413507  |c 20070215  |g PSBO 
801 2 |a RU  |b 63413507  |c 20190819  |g PSBO 
942 |c BK